Los fichajes más caros del fútbol - Laterales izquierdos - 2018-2019 - Estadísticas

Estadísticas generales
  • Esta prueba ha sido intentada 23 veces
  • La puntuación promedio es 3 de 10
Estadísticas de respuestas
Coste (M €) Nacionalidad Último club Nuevo club Jugador % Correcto
24,00 España PSG Athletic Yuri Berchiche
95%
20,20 Francia FC Barcelona Everton Lucas Digne
91%
14,00 Canadà Vancouver Bayern Múnich Alphonso Davies
82%
19,00 Uruguay Génova AC Milan Diego Laxalt
23%
15,00 España CD Leganés Bournemouth Diego Rico
18%
12,00 Uruguay River Plate RB Leipzig Marcelo Saracchi
14%
10,00 Francia Aston Villa Marsella Jordan Amavi
9%
9,50 Italia Inter AS Roma Davide Santon
5%
10,00 Italia Torino Mónaco Antonio Barreca
0%
11,00 Senegal LOSC Lille Mónaco Fodé Ballo-Touré
0%
No se encontraron pruebas coincidentes
Distribución de puntuación
Porcentaje de gente con cada puntuación
Porcentaje por número respondido
Historial de tus puntuaciones
No has intentado esta prueba.